000 00635nam a22002177i 4500
999 _c8286
_d8286
003 URS
005 20220114153219.0
008 170803b xxu||||| |||| 00| 0 eng d
040 _erda
_cURSP-College Library
_beng
082 _a336.599
_bB77 1983
100 1 _aBriones, Leonor Magtolis
245 _aPhilippine Public Fiscal Administration
264 1 _aManila
_bResearch Council of the Philippines
_c1983.
300 _aix, 631pages;
336 _atext
_btxt
_2rdacontent
337 _aunmediated
_bn
_2rdamedia
338 _avolume
_bnc
_2rdacarrier
504 _aIncludes bibliography
650 0 _aPublic finance
942 _2lcc
_cF